[Event "90th ch-Marshall CC"]
[Site "New York USA"]
[Date "2006.12.10"]
[Round "8"]
[White "Yudasin,L"]
[Black "Ivanov,AV USA"]
[Result "1/2-1/2"]
[WhiteElo "2578"]
[BlackElo "2587"]

1.e4 e5 2.Nf3 Nc6 3.Bb5 a6 4.Ba4 Nf6 5.d3 d6 6.c4 Bg4 7.Be3 Bxf3 8.Qxf3 Be7
9.O-O O-O 10.Nc3 Ne8 11.Qg4 Nd4 12.Bxd4 exd4 13.Ne2 Bf6 14.f4 c6 15.Kh1 g6
16.Ng1 Bg7 17.Rae1 Qa5 18.Bb3 Nf6 19.Qh3 Qh5 20.Qg3 Rae8 21.Bd1 Qc5 22.Nf3 a5
23.Ng5 Re7 24.e5 dxe5 25.fxe5 Nd7 26.e6 fxe6 27.Bg4 Rxf1+ 28.Rxf1 Qe5 29.Qxe5 Nxe5
30.Bxe6+ Kh8 31.c5 Bh6 32.Nf7+ Nxf7 33.Bxf7 Re5 34.g4 Rxc5 35.h4 Rc1 36.Rxc1 Bxc1
37.b3 Kg7 38.Be8 Kf6 39.Bd7 Ke5 40.Kg2 Kf4 41.Kf2 Ba3 42.h5 g5 43.Ke2 h6
44.Bc8 b5 45.Bd7 Kg3 46.Bc8 a4 47.bxa4 bxa4 48.Bd7 c5 49.Bf5 Kf4 50.Bd7 Bb4
51.Bc8 a3 52.Be6 Bc3 53.Bc8  1/2-1/2

[Event "90th ch-Marshall CC"]
[Site "New York USA"]
[Date "2006.12.10"]
[Round "9"]
[White "Yudasin,L"]
[Black "Almeida Saenz,A"]
[Result "1/2-1/2"]
[WhiteElo "2578"]
[BlackElo "2409"]

1.e4 e5 2.Nf3 Nc6 3.Bc4 Nf6 4.d3 Bc5 5.c3 d6 6.Bb3 Bb6 7.O-O h6 8.Nbd2 Be6
9.Ba4 O-O 10.h3 Ne7 11.Re1 c6 12.Nf1 Ng6 13.Ng3 Qc7 14.d4 Rad8 15.Bc2 Rfe8
16.Be3 d5 17.exd5 exd4 18.Bxd4 Nxd5 19.Bxg6 fxg6 20.Qc2 Bxd4 21.Nxd4 Bf7
22.a3 Nf4 23.Nde2 Kh7 24.Nxf4 Qxf4 25.Rxe8 Rxe8 26.Rd1 Bd5 27.Qc1 Qc7 28.Re1 Rf8
29.Qd2 b5 30.Ne4 a5 31.f3 Qa7+ 32.Qf2 Qb8 33.Qg3 Qa7+ 34.Qf2 Qb8  1/2-1/2

[Event "35th World Open"]
[Site "King of Prussia USA"]
[Date "2007.06.03"]
[Round "6"]
[White "Milov,V"]
[Black "Yudasin,L"]
[Result "1/2-1/2"]
[WhiteElo "2676"]
[BlackElo "2550"]

1.d4 Nf6 2.c4 e6 3.Nc3 Bb4 4.e3 c5 5.Bd3 Nc6 6.Ne2 cxd4 7.exd4 d5 8.cxd5 Qxd5
9.O-O Qh5 10.Ne4 Nxe4 11.Bxe4 Bd6 12.Bf4 Bxf4 13.Nxf4 Qxd1 14.Rfxd1 Bd7 15.d5 exd5
16.Bxd5 O-O-O 17.h3 g5 18.Nh5 Be6 19.Bxe6+ fxe6 20.Kf1 Rhf8 21.Rac1 Rf5 22.Ng7 Rf6
23.Rxd8+ Kxd8 24.Rc5 h6 25.Ke2 Ke7 26.Ke3 Kf7 27.Nh5 Rf5 28.Rc4 Re5+  1/2-1/2

[Event "35th World Open"]
[Site "King of Prussia USA"]
[Date "2007.06.04"]
[Round "8"]
[White "Stripunsky,A"]
[Black "Yudasin,L"]
[Result "1/2-1/2"]
[WhiteElo "2569"]
[BlackElo "2550"]

1.e4 c5 2.Nf3 d6 3.d4 cxd4 4.Nxd4 Nf6 5.Nc3 a6 6.Bg5 e6 7.f4 Qc7 8.Bxf6 gxf6
9.Qd2 Nc6 10.O-O-O Bd7 11.Bc4 Nxd4 12.Qxd4 Qc5 13.Bb3 Qxd4 14.Rxd4 Rg8 15.g3 h5
16.Na4 h4 17.Nb6 Rd8 18.Rd3 Bc6 19.Re1 Bh6 20.Kb1 Kf8 21.c4 e5 22.f5 hxg3
23.hxg3 Rg4 24.Nd5 Bxd5 25.Rxd5 Ke7 26.Rd3 Rc8 27.a3 Rgg8 28.Red1 Rgd8 29.Ba2 Rd7
30.b4 b6 31.Bb3 Rdd8 32.Kb2 Bg5 33.Ba2 Ra8 34.Kb3 Rac8 35.Bb1 Rc7 36.Rc3 Rh8
37.Rcd3 Rd8  1/2-1/2

[Event "35th World Open"]
[Site "King of Prussia USA"]
[Date "2007.06.04"]
[Round "9"]
[White "Yudasin,L"]
[Black "Becerra Rivero,J"]
[Result "1/2-1/2"]
[WhiteElo "2550"]
[BlackElo "2544"]

1.e4 e5 2.Nf3 Nc6 3.Bc4 Nf6 4.d3 Be7 5.O-O O-O 6.Re1 d6 7.Bb3 Na5 8.Ba4 a6
9.c4 Bg4 10.h3 Bxf3 11.Qxf3  1/2-1/2

[Event "New Jersey Futurity"]
[Site "Parsippany USA"]
[Date "2007.07.08"]
[Round "2"]
[White "Bartell,T"]
[Black "Yudasin,L"]
[Result "1/2-1/2"]
[WhiteElo "2398"]
[BlackElo "2550"]

1.d4 Nf6 2.c4 e6 3.Nf3 b6 4.g3 Bb7 5.Bg2 Be7 6.O-O d5 7.Ne5 O-O 8.Nc3 Na6
9.cxd5 exd5 10.b3 Qc8 11.Bb2 Rd8 12.Rc1 c5 13.Qd3 Qe6 14.e3 Bf8 15.Rfd1 Rac8
16.Qb1 Qe8 17.Qf5 Nc7 18.g4 Qe6 19.Qxe6 Nxe6 20.dxc5 bxc5 21.h3 Ba8 22.Ne2 h5
23.Ng3 hxg4 24.hxg4 Ne4 25.Nxe4 dxe4 26.Bf1 Rxd1 27.Rxd1 Rd8 28.Rxd8 Nxd8
29.Bc4 Bd6 30.g5 Kf8 31.g6 Bxe5 32.Bxe5 Ke7 33.gxf7 Nxf7 34.Bxg7 Nd6 35.Ba6 Bd5
36.Be5 Ke6 37.Bxd6 Kxd6 38.Kg2 Ke5 39.Kf1 Kd6 40.Ke2 Kc7 41.Bc4 Bb7 42.Kd2 a5
43.Kc3 Kd6 44.Bb5 Bd5 45.Bc4 Bb7 46.Bf7 Ba6 47.Bh5 Bb7 48.Bf7 Ba6 49.Bc4 Bb7
50.Kd2 Ke5 51.Ke2 Bc6 52.Kf1 Kf5 53.Kg2 Kg5 54.Be2 Bd7 55.f4+ exf3+ 56.Kxf3 Kf5
57.Ba6 Ke5 58.Ke2 Bf5 59.Bd3 Be6 60.Kd2 Bf7 61.Kc3 Be6 62.Kd2 Bf7 63.Kc3 Be8
64.Kb2 Bf7 65.Bb5 Ke4 66.Ka3 Kxe3 67.Ka4 Kd4 68.Kxa5 c4  1/2-1/2

[Event "New Jersey Futurity"]
[Site "Parsippany USA"]
[Date "2007.07.09"]
[Round "4"]
[White "Erenburg,S"]
[Black "Yudasin,L"]
[Result "1/2-1/2"]
[WhiteElo "2565"]
[BlackElo "2550"]

1.e4 c5 2.Nf3 e6 3.d4 cxd4 4.Nxd4 a6 5.Bd3 Bc5 6.Nb3 Be7 7.Qg4 g6 8.Qe2 d6
9.O-O Nc6 10.Na3 Qc7 11.Be3 Nf6 12.Nc4 Nd7 13.a4 d5 14.exd5 exd5 15.Ncd2 O-O
16.Nf3 Nde5 17.Nxe5 Nxe5 18.h3 Bd7 19.a5 Nxd3 20.cxd3 Qe5 21.f4 Qe6 22.Qf3 Rae8
23.Nc5 Qc6 24.Rac1 d4 25.Bxd4 Qxf3 26.Rxf3 Bc6 27.Re3 Bxc5 28.Rxc5 Rxe3 29.Bxe3 Rd8
30.Rc3 Bb5 31.d4 Bc6 32.g4 f6 33.Kf2 Kf7 34.Ke2 h5 35.gxh5 gxh5 36.Rc5 Rd5  1/2-1/2

[Event "New Jersey Futurity"]
[Site "Parsippany USA"]
[Date "2007.07.10"]
[Round "6"]
[White "Panchanathan,M"]
[Black "Yudasin,L"]
[Result "1/2-1/2"]
[WhiteElo "2486"]
[BlackElo "2550"]

1.e4 c5 2.Nf3 e6 3.d4 cxd4 4.Nxd4 a6 5.Bd3 Bc5 6.Nb3 Ba7 7.O-O Ne7 8.c4 d6
9.Nc3 Nbc6 10.Kh1 e5 11.f4 exf4 12.Bxf4 Ng6 13.Bg3 Be6 14.Be2 Nge5 15.Nd5 O-O
16.Qd2 a5 17.a4 f6 18.Rac1 Bc5 19.Bf2 b6  1/2-1/2

[Event "New Jersey Futurity"]
[Site "Parsippany USA"]
[Date "2007.07.11"]
[Round "8"]
[White "Molner,M"]
[Black "Yudasin,L"]
[Result "1/2-1/2"]
[WhiteElo "2293"]
[BlackElo "2550"]

1.e4 c5 2.Nf3 d6 3.d4 cxd4 4.Nxd4 Nf6 5.Nc3 Nc6 6.f3 e5 7.Nb3 Be7 8.Be3 Be6
9.Qd2 d5 10.exd5 Nxd5 11.Nxd5 Qxd5 12.Qxd5 Bxd5 13.O-O-O O-O-O 14.Be2 Kc7
15.Rd2 b6 16.Rhd1 Be6 17.Rxd8 Rxd8 18.Rxd8 Nxd8 19.c3 Nb7 20.Kc2 Nd6 21.Nd2 h5
22.a4 a5 23.Bf2 Bd7 24.b3 h4 25.Nc4 Nxc4 26.Bxc4 f5 27.Bd5 g5 28.Kd3 Bc5
29.Bxc5 bxc5 30.Kc4 Kd6 31.Ba8 Be6+ 32.Kb5 Bxb3 33.Kxa5 Bc2 34.Kb5 e4 35.fxe4 fxe4
36.a5 Bd3+ 37.c4 e3 38.Bf3 e2 39.Bxe2 Bxe2 40.a6 Bf1 41.g3 Bg2 42.Kb6 Bc6
43.gxh4 gxh4 44.a7 Ba8 45.Kb5 Bg2 46.Kb6 Bc6 47.Ka5 Kc7 48.Ka6 Bf3 49.Kb5 Kd6
50.Kb6 Bc6 51.Ka5 Kc7 52.Ka6 h3 53.Ka5 Kd6 54.Kb6 Bf3 55.Kb5 Ke5 56.Kxc5 Ba8
57.Kb6 Kd4 58.Kb5 Ke4 59.Kb6 Kd4 60.Kb5 Ke5 61.Kc5 Bg2 62.Kb5 Kd6 63.c5+ Kd7
64.Kc4 Ke6  1/2-1/2

[Event "129th ch-New York State"]
[Site "New York USA"]
[Date "2007.09.03"]
[Round "6"]
[White "Bonin,J"]
[Black "Yudasin,L"]
[Result "1/2-1/2"]
[WhiteElo "2365"]
[BlackElo "2550"]

1.g3 g6 2.c4 c5 3.Nc3 Nc6 4.Bg2 Nh6 5.h4 d6 6.d3 Bg7 7.h5 e6 8.hxg6 hxg6
9.Bd2 Nf5 10.Rxh8+ Bxh8 11.Rb1 Nfe7 12.Nh3 a6 13.a3 Rb8 14.b4 cxb4 15.axb4 b5
16.cxb5 axb5 17.Nf4 d5 18.Na2 e5 19.Nh3 Bg4 20.Nc1 Qd6 21.Ng1 Bg7 22.Kf1 Rc8
23.Nf3 Bd7 24.Ne1 d4 25.Nb3 Nxb4 26.Nxd4 Ned5 27.Nxb5 Bxb5 28.Qb3 Bd7 29.Bxb4 Nxb4
30.Qxb4 Qxb4 31.Rxb4 Rc1 32.e3 Ra1 33.Bd5 f5 34.Ke2 Bf6 35.Nc2 Ra5 36.Rb8+ Ke7
37.Nb4 Rb5 38.Rxb5 Bxb5 39.Bc4 Bxc4 40.dxc4 Kd6 41.e4 Kc5 42.Nd5 Bd8 43.Kd3 Ba5
44.exf5 gxf5 45.Ne7 e4+ 46.Ke3 Kxc4 47.Nxf5 Kd5 48.g4  1/2-1/2

[Event "ch-Marshall CC"]
[Site "New York USA"]
[Date "2007.12.08"]
[Round "3"]
[White "Sarkar,J"]
[Black "Yudasin,L"]
[Result "1/2-1/2"]
[WhiteElo "2413"]
[BlackElo "2550"]

1.d4 Nf6 2.c4 e6 3.Nc3 Bb4 4.Qc2 d5 5.a3 Be7 6.cxd5 exd5 7.Bf4 c6 8.e3 Bg4
9.Bxb8 Rxb8 10.h3 Be6 11.Nf3 O-O 12.Bd3 c5 13.dxc5 Bxc5 14.Ng5 h6 15.Nxe6 fxe6
16.O-O Rc8  1/2-1/2

[Event "ch-Marshall CC"]
[Site "New York USA"]
[Date "2007.12.09"]
[Round "4"]
[White "Yudasin,L"]
[Black "Bonin,J"]
[Result "1-0"]
[WhiteElo "2550"]
[BlackElo "2343"]

1.e4 e5 2.Bc4 Nf6 3.d3 Nc6 4.Nf3 Be7 5.O-O O-O 6.Re1 d6 7.Bb3 Nd7 8.c3 Nc5
9.Bc2 f5 10.exf5 Bxf5 11.d4 Bxc2 12.Qxc2 e4 13.Nfd2 Nd3 14.Rxe4 Nxf2 15.Re2 Bh4
16.Nf3 Nh3+ 17.Kh1 Qf6 18.Be3 Rae8 19.Na3 Ng5 20.Bxg5 Rxe2 21.Qxe2 Bxg5 22.Qb5 Bf4
23.Qxb7 d5 24.Qb5 Ne7 25.Qd7 Qf7 26.Nb5 c6 27.Na3 Qf6 28.Re1 Ng6 29.c4 Bb8
30.cxd5 Nf4 31.Qxc6 Qf5 32.d6 Nxg2 33.Kxg2 Qg4+ 34.Kh1 Rxf3 35.Qd5+ Kf8 36.d7  1-0

[Event "ch-Marshall CC"]
[Site "New York USA"]
[Date "2007.12.09"]
[Round "5"]
[White "Yudasin,L"]
[Black "Ehlvest,J"]
[Result "1/2-1/2"]
[WhiteElo "2550"]
[BlackElo "2601"]

1.Nf3 Nf6 2.c4 e6 3.d4 b6 4.g3 Bb7 5.Bg2 Be7 6.O-O O-O 7.Nc3 Ne4 8.Qc2 Nxc3
9.Qxc3 f5 10.b3 Bf6 11.Bb2 Nc6 12.Qd2 Ne7 13.Rfd1 Be4 14.Rac1 d6 15.Ne1  1/2-1/2

[Event "ch-Marshall CC"]
[Site "New York USA"]
[Date "2007.12.15"]
[Round "6"]
[White "Kudrin,S"]
[Black "Yudasin,L"]
[Result "0-1"]
[WhiteElo "2563"]
[BlackElo "2550"]

1.e4 c5 2.Nf3 e6 3.d4 cxd4 4.Nxd4 a6 5.Nc3 Qc7 6.g3 Bb4 7.Nb3 Nc6 8.a4 Nf6
9.Bd2 Be7 10.f4 d5 11.exd5 exd5 12.Bg2 d4 13.Ne2 O-O 14.O-O Rd8 15.Bxc6 Qxc6
16.Nexd4 Bc5 17.c3 Bg4 18.Qb1 Ba7 19.Be3 Qd5 20.Qc2 Re8 21.Rfe1 h5 22.Qg2 Qd7
23.Bf2 Bh3 24.Qf3 Ng4 25.Rxe8+ Rxe8 26.Re1 Rxe1+ 27.Bxe1 Qe6 28.Bf2 Qc4 29.Qd1 Qd5  0-1

[Event "ch-Marshall CC"]
[Site "New York USA"]
[Date "2007.12.16"]
[Round "8"]
[White "Yudasin,L"]
[Black "Krush,I"]
[Result "1/2-1/2"]
[WhiteElo "2550"]
[BlackElo "2475"]

1.e4 c5 2.Nf3 Nc6 3.Bb5 g6 4.O-O Bg7 5.Bxc6 dxc6 6.d3 Nf6 7.Nc3 O-O 8.Be3 b6
9.Qd2 Ng4 10.Bg5 f6 11.Bh4 e5 12.h3 Nh6 13.Bg3 Be6 14.Rad1 Nf7 15.Qe2 Qd7
16.Nd2  1/2-1/2

[Event "US Amateur Team-ch East"]
[Site "Parsippany USA"]
[Date "2008.02.18"]
[Round "5"]
[White "Yudasin,L"]
[Black "Ippolito,D"]
[Result "1/2-1/2"]
[WhiteElo "2549"]
[BlackElo "2417"]

1.e4 e5 2.Bc4 Nf6 3.d3 Nc6 4.Nf3 Bc5 5.c3 a6 6.O-O Ba7 7.Bb3 d6 8.Re1 O-O
9.h3 Be6 10.Ba4 b5 11.Bc2 d5 12.Nbd2 dxe4 13.dxe4 h6 14.Nh2 b4 15.Qe2 Qe7
16.Ba4 bxc3 17.bxc3 Na5 18.Nb3 Nc4 19.Nd2 Na5 20.Nhf3 Rfd8 21.Bb3 Nh5 22.Nxe5 Nf4
23.Qf3 Nxh3+ 24.gxh3 Bxb3 25.Nxb3 Qxe5 26.Bf4 Qb5 27.Nxa5 Qxa5 28.Qg3 Qc5
29.Rad1 Rxd1 30.Rxd1 Qc6 31.Bxc7 Qxe4 32.Be5 g6 33.Qg2 Qxg2+ 34.Kxg2 Re8
35.Rd5 g5 36.f4 gxf4 37.Bxf4 Re2+ 38.Kf3 Rxa2 39.Bxh6 Ra3 40.Rg5+ Kh7 41.Bg7 Bb6
42.Ke4 Bd8 43.Rg3 Bh4 44.Rg4 Be1 45.Kd3 f5 46.Rg1 Bf2 47.Rg2 Bc5 48.Be5 Ra4
49.Rg7+ Kh6 50.Rc7 Bf2 51.Rf7 Kg5 52.Rg7+ Kh4 53.Rf7 Kg5 54.Rf8 Re4 55.Rg8+ Kh4
56.Rh8+ Kg5  1/2-1/2

[Event "2nd NJ Futurity Int"]
[Site "New Jersey USA"]
[Date "2008.07.07"]
[Round "1"]
[White "Ju,E"]
[Black "Yudasin,L"]
[Result "0-1"]
[WhiteElo "2286"]
[BlackElo "2550"]

1.e4 c5 2.Nf3 d6 3.d4 cxd4 4.Nxd4 Nf6 5.Nc3 a6 6.Bg5 e6 7.f4 Qc7 8.Qf3 b5
9.O-O-O b4 10.Nce2 Nbd7 11.Kb1 Bb7 12.Ng3 Be7 13.Bd3 h6 14.Bh4 Qb6 15.Nb3 g5
16.fxg5 Ne5 17.Qe2 Nfg4 18.Nf1 hxg5 19.Bg3 a5 20.Nbd2 Bf6 21.Nc4 Nxc4 22.Bxc4 Ne5
23.Ne3 Bg7 24.Bb5+ Kf8 25.Ng4 Ba6 26.Bxa6 Qxa6 27.Qxa6 Rxa6 28.Nxe5 Bxe5
29.Bxe5 dxe5 30.Rd7 Rh4 31.Rf1 Rf4 32.Rxf4 exf4 33.Kc1 Kg7 34.Kd2 Kf6 35.Ke2 Rc6
36.Rd2 g4 37.h3 gxh3 38.gxh3 Ke5 39.Kf3 f5 40.Re2 Rc4 41.h4 fxe4+ 42.Kg4 Rc8  0-1

[Event "2nd NJ Futurity Int"]
[Site "New Jersey USA"]
[Date "2008.07.09"]
[Round "4"]
[White "Yudasin,L"]
[Black "Ehlvest,J"]
[Result "1/2-1/2"]
[WhiteElo "2550"]
[BlackElo "2603"]

1.d4 Nf6 2.Nf3 e6 3.Bg5 d5 4.e3 Be7 5.c4 O-O 6.Nc3 h6 7.Bh4 b6 8.cxd5 Nxd5
9.Bxe7 Qxe7 10.Nxd5 exd5 11.Be2 Be6 12.O-O c5 13.Qa4  1/2-1/2

[Event "2nd NJ Futurity Int"]
[Site "New Jersey USA"]
[Date "2008.07.09"]
[Round "5"]
[White "Molner,M"]
[Black "Yudasin,L"]
[Result "1/2-1/2"]
[WhiteElo "2337"]
[BlackElo "2550"]

1.e4 e6 2.d4 d5 3.Nc3 dxe4 4.Nxe4 Nd7 5.Nf3 Ngf6 6.Bd3 c5 7.Nxf6+ Nxf6 8.dxc5 Qa5+
9.c3 Qxc5 10.O-O Be7 11.Qe2 O-O 12.Be3 Qc7 13.Bd4 Rd8 14.Rad1 Bd7 15.Ne5 Ba4
16.b3 Be8 17.Rfe1 Bc5  1/2-1/2

[Event "2nd NJ Futurity Int"]
[Site "New Jersey USA"]
[Date "2008.07.10"]
[Round "7"]
[White "Palatnik,S"]
[Black "Yudasin,L"]
[Result "1/2-1/2"]
[WhiteElo "2472"]
[BlackElo "2550"]

1.d4 Nf6 2.c4 e6 3.Nc3 Bb4 4.g3 c5 5.Nf3 Nc6 6.Bg2 Ne4 7.Bd2 Nxd2 8.Qxd2 cxd4
9.Nxd4 Ne5 10.Nc2 Be7 11.Qd4 Bf6 12.O-O-O Nc6 13.Qe3 O-O 14.Kb1 Ne5 15.c5 Ng4
16.Qf4 Bxc3 17.bxc3 Nf6 18.Rd2 Re8 19.Na3 e5 20.Nc2 e4 21.Rhd1 b6 22.Ne3 Qc7
23.c6 Qd8  1/2-1/2

[Event "2nd NJ Futurity Int"]
[Site "New Jersey USA"]
[Date "2008.07.11"]
[Round "8"]
[White "Yudasin,L"]
[Black "Scekic,M"]
[Result "1-0"]
[WhiteElo "2550"]
[BlackElo "2371"]

1.e4 c6 2.d4 d5 3.e5 Bf5 4.c3 e6 5.Be3 Qb6 6.Qb3 Nd7 7.Nd2 Ne7 8.f4 f6 9.Ngf3 fxe5
10.fxe5 h6 11.h4 c5 12.Qxb6 axb6 13.h5 c4 14.Nh4 b5 15.Be2 Bh7 16.Bg4 Nf5
17.Bxf5 exf5 18.O-O Be7 19.Nxf5 Bxf5 20.Rxf5 Nf8 21.e6 Rd8 22.Re1 Nxe6 23.Bf2 Ng5
24.Ree5 Nf7 25.Rxd5 Ra8 26.a3 Nd6 27.Rfe5 Kf7 28.Ne4 Rhd8 29.Rxe7+ Kxe7 30.Bh4+ Ke6
31.Re5+ Kd7 32.Nxd6  1-0

[Event "2nd NJ Futurity Int"]
[Site "New Jersey USA"]
[Date "2008.07.11"]
[Round "9"]
[White "Ippolito,D"]
[Black "Yudasin,L"]
[Result "1/2-1/2"]
[WhiteElo "2445"]
[BlackElo "2550"]

1.d4 Nf6 2.c4 e6 3.Nc3 Bb4 4.Qc2 c5 5.dxc5 Nc6 6.Nf3 Bxc5 7.a3 b6 8.Bg5 Be7
9.e3 Bb7 10.Be2 O-O 11.O-O  1/2-1/2

[Event "2nd Marshall CC Int"]
[Site "New York USA"]
[Date "2009.06.19"]
[Round "1"]
[White "Zenyuk,I"]
[Black "Yudasin,L"]
[Result "0-1"]
[WhiteElo "2305"]
[BlackElo "2550"]

1.d4 Nf6 2.Nf3 e6 3.c4 c5 4.d5 d6 5.Nc3 g6 6.e4 Bg7 7.Bd3 O-O 8.h3 Na6 9.O-O Nc7
10.Re1 e5 11.Ne2 Nfe8 12.g4 h5 13.gxh5 Bxh3 14.Ng3 Bg4 15.Be2 b5 16.Ng5 Bd7
17.a4 Bf6 18.Nf3 bxc4 19.Kg2 Ng7 20.Rh1 Bg4 21.Nh2 Bd7 22.Nf3 Rb8 23.Qd2 g5
24.h6 Nge8 25.Nh2 Qc8 26.Nh5 Bd8 27.Rg1 Kh8 28.Kh1 f5 29.exf5 Nxd5 30.Bxc4 Nb6
31.Bb5 Bxf5 32.Bxe8 Be4+ 33.f3 Rxf3 34.Nxf3 Qh3+ 35.Qh2 Qxf3+ 36.Rg2 Qf1+
37.Qg1 Bxg2+ 38.Kh2 Qxg1+ 39.Kxg1 Bf3 40.Ra3 e4  0-1

[Event "2nd Marshall CC Int"]
[Site "New York USA"]
[Date "2009.06.19"]
[Round "2"]
[White "Yudasin,L"]
[Black "Braylovsky,G"]
[Result "0-1"]
[WhiteElo "2550"]
[BlackElo "2358"]

1.e4 c5 2.Nf3 e6 3.g3 Nc6 4.d3 Nge7 5.Bg2 d5 6.O-O dxe4 7.dxe4 Nd4 8.Ne5 Ng6
9.Nc4 b5 10.Ne3 Bb7 11.c3 Nc6 12.Qe2 Qb6 13.f4 c4 14.b3 cxb3 15.axb3 Na5
16.Nd2 Rc8 17.Bb2 Bc5 18.Rfe1 Rd8 19.Bc1 b4 20.Kh1 bxc3 21.Ndc4 Nxc4 22.Nxc4 Ba6
23.Nxb6 Bxe2 24.Na4 Bb4 25.Rxe2 Rd1+ 26.Bf1 Rxf1+ 27.Kg2 Rd1 28.Re3 c2 29.Re2 O-O
30.Rxc2 Rfd8 31.Nb2 Re1 32.Rxa7 Rxe4 33.Ra4 f5 34.Rc4 Bd2  0-1

[Event "2nd Marshall CC Int"]
[Site "New York USA"]
[Date "2009.06.23"]
[Round "9"]
[White "Milman,L"]
[Black "Yudasin,L"]
[Result "1-0"]
[WhiteElo "2462"]
[BlackElo "2550"]

1.e4 c5 2.Nf3 e6 3.d4 cxd4 4.Nxd4 a6 5.Nc3 Qc7 6.Be2 Nf6 7.O-O d6 8.f4 Nc6
9.Be3 Be7 10.Qe1 O-O 11.Rd1 Re8 12.Qg3 Bf8 13.Kh1 Kh8 14.a3 d5 15.Bd3 e5
16.Nxc6 bxc6 17.fxe5 Qxe5 18.Qxe5 Rxe5 19.Bd4 Rh5 20.exd5 cxd5 21.Be2 Rf5
22.Bxf6 gxf6 23.Nxd5 Rxf1+ 24.Rxf1 a5 25.a4 Be6 26.Nxf6 Rd8 27.Ne4 Rd4 28.Ng5 Bc4
29.Rd1 Rf4 30.Bf3 Be7 31.Nh3 Rh4 32.Nf2 Be6 33.b3 Bf5 34.g3 Rb4 35.Re1 Bc5
36.Re2 Bg6 37.Kg2 Kg7 38.Bd5 Rd4 39.Be4 f5 40.Bf3 Bd6 41.c3  1-0

[Event "World Open"]
[Site "Philadelphia USA"]
[Date "2009.07.05"]
[Round "9"]
[White "Yudasin,L"]
[Black "Kacheishvili,G"]
[Result "1-0"]
[WhiteElo "2550"]
[BlackElo "2613"]

1.e4 c5 2.Nf3 g6 3.c3 Bg7 4.d4 cxd4 5.cxd4 d5 6.e5 Nh6 7.Nc3 O-O 8.h3 Nc6
9.Bb5 Bf5 10.O-O Qb6 11.Be3 Be4 12.Bxc6 Bxf3 13.Qd2 bxc6 14.Bxh6 Bxh6 15.Qxh6 Qxb2
16.Qe3 Be4 17.Rfc1 Qa3 18.Nxe4 Qxe3 19.fxe3 dxe4 20.Rxc6 Rfc8 21.Rac1 Rxc6
22.Rxc6 a5 23.Kf2 Rb8 24.Rc2 Kg7 25.Kg3 g5 26.h4 gxh4+ 27.Kxh4 f6 28.exf6+ Kxf6
29.Kg4 Rb4 30.Kf4 Ra4 31.Kxe4 Ra3 32.g4 Ke6 33.g5 Kd6 34.Kf4 Kd5 35.Rh2 Ra4
36.Rxh7 e5+ 37.Kf5 Rxa2 38.e4+ Kxd4 39.Rd7+ Kc3 40.g6 a4 41.Ra7 Kb3 42.g7 Rg2
43.Kf6 a3 44.Kf7 Rf2+ 45.Ke8 Rg2 46.Kf8 Rf2+ 47.Rf7 Rxf7+ 48.Kxf7 a2 49.g8=Q a1=Q
50.Kf6+ Kc2 51.Qd5 Qc3 52.Qxe5 Qc8 53.Qd5 Qh8+ 54.Kf7 Qh7+ 55.Ke8 Qh8+ 56.Kd7 Qg7+
57.Kc6 Qf6+ 58.Qd6 Qf3 59.Qc5+ Kb1 60.Qd4 Qg2 61.Kc5 Qc2+ 62.Kb4 Qc7 63.Qd3+  1-0

[Event "US Amateur Team-ch East"]
[Site "Parsippany USA"]
[Date "2010.02.14"]
[Round "3"]
[White "Uesugi,S"]
[Black "Yudasin,L"]
[Result "0-1"]
[WhiteElo "2314"]
[BlackElo "2554"]

1.Nf3 Nf6 2.g3 d5 3.Bg2 c6 4.c4 dxc4 5.a4 Be6 6.O-O Na6 7.Na3 Bd5 8.Qc2 e6
9.Nxc4 Nb4 10.Qc3 Ne4 11.Qe5 f6 12.Qh5+ g6 13.Qh4 h5 14.Ne3 g5 15.Qh3 f5
16.g4 Qf6 17.d3 hxg4 18.Nxg4 Qg7 19.dxe4 Rxh3 20.Bxh3 fxg4 21.Bxg4 Bxe4 22.Nxg5 Be7
23.h4 Bf5 24.Bh5+ Kd7 25.Rd1+ Nd5 26.Bf3 Rh8 27.e4 Bxe4 28.Bxe4 Rxh4 29.Bxd5 cxd5
30.f4 Bxg5 31.fxg5 Qe5  0-1

[Event "US Amateur Team-ch East"]
[Site "Parsippany USA"]
[Date "2010.02.14"]
[Round "4"]
[White "Yudasin,L"]
[Black "Sarkar,J"]
[Result "1/2-1/2"]
[WhiteElo "2554"]
[BlackElo "2388"]

1.e4 c5 2.g3 d5 3.exd5 Qxd5 4.Qf3 Nf6 5.Bg2 Qd8 6.Ne2 Nc6 7.Qe3 Nd5 8.Qxc5 Ndb4
9.Na3 e5 10.Qe3 Be6 11.O-O Nd5 12.Qd3 f5 13.Nc3 e4 14.Qe2 Bxa3 15.Nxd5 Bxd5
16.bxa3 Nd4 17.Qh5+ g6 18.Qd1 Nf3+ 19.Bxf3 exf3 20.Qe1+ Kf7 21.Qe3 Qf6 22.Rb1 Rhe8
23.Qh6 Qg7 24.Qf4 Qe5 25.Qh4 Qf6 26.Qxh7+ Qg7 27.Qxg7+ Kxg7 28.Bb2+ Kf7 29.Rfe1 Bxa2
30.Rbc1 Rxe1+ 31.Rxe1 Re8  1/2-1/2

[Event "US Amateur Team-ch East"]
[Site "Parsippany USA"]
[Date "2011.02.20"]
[Round "4"]
[White "Yudasin,L"]
[Black "Fisher,William"]
[Result "1-0"]
[WhiteElo "2519"]
[BlackElo "2165"]

1.e4 e5 2.Nf3 Nf6 3.Nc3 Nc6 4.Bb5 Bd6 5.d3 a6 6.Ba4 h6 7.Ne2 b5 8.Bb3 Bc5
9.Ng3 d6 10.c3 O-O 11.O-O d5 12.exd5 Nxd5 13.Nxe5 Nxe5 14.d4 Bg4 15.f3 Be6
16.dxc5 Re8 17.f4 Nc4 18.Bxc4 bxc4 19.f5 Bc8 20.Nh5 Kh7 21.Qg4 Rg8 22.Qxc4 a5
23.Qe4 Ba6 24.f6+ g6 25.c4 Re8 26.Qd4 gxh5 27.cxd5  1-0

[Event "39th World Open"]
[Site "Philadelphia USA"]
[Date "2011.07.02"]
[Round "4"]
[White "Yudasin,L"]
[Black "Bluvshtein,M"]
[Result "1/2-1/2"]
[WhiteElo "2522"]
[BlackElo "2589"]

1.e4 e5 2.Nf3 Nc6 3.Bc4 Bc5 4.d3 Nf6 5.O-O a6 6.c3 Ba7 7.Bb3 d6 8.Re1 h6
9.Nbd2 O-O 10.Nf1 Ne7 11.Ng3 Ng6 12.h3 Re8  1/2-1/2

[Event "39th World Open"]
[Site "Philadelphia USA"]
[Date "2011.07.03"]
[Round "6"]
[White "Yudasin,L"]
[Black "Holt,C"]
[Result "1-0"]
[WhiteElo "2522"]
[BlackElo "2417"]

1.e4 e6 2.Qe2 c5 3.Nf3 Nc6 4.g3 g6 5.Bg2 Bg7 6.O-O Nge7 7.d3 O-O 8.c3 e5
9.a3 a5 10.a4 h6 11.Be3 d6 12.Qd2 Kh7 13.d4 cxd4 14.cxd4 Bg4 15.d5 Nb4 16.Ne1 Qd7
17.f3 Bh3 18.Nd3 Nxd3 19.Qxd3 h5 20.Nd2 Rfb8 21.Nc4 Bxg2 22.Kxg2 Nc8 23.Bd2 b5
24.axb5 a4 25.b3 Rxb5 26.bxa4 Rc5 27.Be3 Rc7 28.Nb6 Nxb6 29.Bxb6 Rb7 30.a5 Bf6
31.Bf2 h4 32.Ra2 Rb4 33.Rfa1 Bd8 34.g4 Rb5 35.a6 g5 36.Rb1 Ra5 37.Rxa5 Bxa5
38.Qc4 Bd2 39.Rb7 Qe8 40.a7 Kg7 41.Qc7 Bf4 42.h3 Rc8 43.Rb8  1-0

[Event "39th World Open"]
[Site "Philadelphia USA"]
[Date "2011.07.03"]
[Round "7"]
[White "Wang Puchen"]
[Black "Yudasin,L"]
[Result "1/2-1/2"]
[WhiteElo "2437"]
[BlackElo "2522"]

1.d4 Nf6 2.c4 e6 3.Nf3 b6 4.g3 Ba6 5.Qc2 Bb7 6.Bg2 c5 7.dxc5 bxc5 8.O-O Be7
9.Nc3 O-O 10.Rd1 Qb6 11.b3 Rd8 12.Bb2 d6 13.Ng5 Bxg2 14.Kxg2 Nbd7 15.Kg1 Nf8
16.Rd2 d5 17.cxd5 exd5 18.Na4 Qc6 19.Rad1 Rac8 20.e4 d4 21.Qc4 Qe8 22.Re2 N6d7
23.Nf3 Rb8 24.Qc2 Ne6 25.Bc1 Nb6 26.Nb2 Qb5 27.Qd3 Qxd3 28.Rxd3 f6 29.Nd2 Kf7
30.Ndc4 Rbc8 31.f4 Bf8 32.Kg2  1/2-1/2

[Event "39th World Open"]
[Site "Philadelphia USA"]
[Date "2011.07.04"]
[Round "8"]
[White "Lapshun,Y"]
[Black "Yudasin,L"]
[Result "1/2-1/2"]
[WhiteElo "2442"]
[BlackElo "2522"]

1.d4 Nf6 2.Nf3 e6 3.Bg5 a6 4.Bh4 d6 5.e3 g5 6.g3 Nh5 7.Bd3 Bg7 8.Nbd2 Qe7
9.c3 Nd7 10.Qe2 Ndf6 11.O-O-O Bd7 12.Kb1 O-O-O 13.Nc4 Kb8 14.Nfd2 Nxg3 15.hxg3 Bc8
16.e4 Nd7 17.f4 b6 18.Ne3  1/2-1/2

[Event "39th World Open"]
[Site "Philadelphia USA"]
[Date "2011.07.04"]
[Round "9"]
[White "Yudasin,L"]
[Black "Yang,Dar"]
[Result "1/2-1/2"]
[WhiteElo "2522"]
[BlackElo "2432"]

1.e4 e6 2.Qe2 c5 3.Nf3 Nc6 4.g3 g6 5.Bg2 Bg7 6.O-O Nge7 7.c3 O-O 8.d3 d6
9.a3 e5 10.b4 a6 11.Be3 b6 12.Qd2 Be6 13.Bh6 cxb4 14.Bxg7 Kxg7 15.axb4 d5
16.exd5 Bxd5 17.Qe2 f6 18.Nbd2 Qc7 19.Rfc1 Rfe8 20.Ne4 Rad8 21.h4 a5 22.b5 Nb8
23.c4 Bxe4 24.Qxe4 Nf5 25.c5 bxc5 26.Qa8 Rxd3 27.Rxa5 Re7 28.Ra3 Rd8 29.Qa5 Qxa5
30.Rxa5 e4 31.Ne1 Nd4 32.Ra2 Nxb5 33.Rxc5 Nd4 34.Rc4 f5 35.Nc2 Nbc6 36.Nxd4 Nxd4
37.Rca4 Rdd7 38.Ra1 h5 39.Ra6 Re6 40.Rxe6 Nxe6 41.Bf1 Rd2 42.Bc4 Nd4 43.Ra7+ Kh6
44.Bg8 Nf3+ 45.Kg2 g5 46.hxg5+ Kxg5 47.Rg7+ Kf6 48.Rf7+ Kg6 49.Ra7 Ne1+ 50.Kg1 Nd3
51.Ra2 Rxa2 52.Bxa2 Kg5 53.Bb3 h4 54.gxh4+ Kxh4 55.Kg2 Kg5 56.Kg3 f4+ 57.Kg2 Kf5
58.Bd5 Ke5 59.Bc6 Kd4 60.Kf1 Nc5 61.Ke2 f3+ 62.Ke1  1/2-1/2

[Event "US Amateur Team-ch East"]
[Site "Parsippany USA"]
[Date "2012.02.19"]
[Round "4"]
[White "Yudasin,L"]
[Black "Shetty,A"]
[Result "1-0"]
[WhiteElo "2528"]
[BlackElo "2121"]

1.e4 e6 2.Qe2 c5 3.Nf3 Nc6 4.g3 g6 5.Bg2 Bg7 6.O-O Nge7 7.d3 O-O 8.c3 d5
9.e5 a6 10.Bf4 b5 11.b3 h6 12.h4 Bd7 13.Nbd2 Nf5 14.c4 bxc4 15.bxc4 d4 16.Ne4 Qe7
17.Rab1 Rab8 18.Nf6+ Kh8 19.Rxb8 Nxb8 20.g4 Nxh4 21.Nxh4 g5 22.Qe4 Bxf6 23.exf6  1-0